=LDR 00000nam 2200000 4500 =001 INLIS000000000026636 =005 20201215083631 =035 ##$$a 0010-061300000026636 =008 201215###########################0#ind## =041 ##$$a ind =082 ##$$a 339 =090 ##$$a 339 Mur e =100 ##$$a Dwi Eko Waluyo & Uci Yuliati =245 1#$$a Ekonomika makro /$c Dwi Eko Waluyo & Uci Yuliati =260 ##$$a Malang :$b Univ.Muhammadiyah Malang,$c 2016 =300 ##$$a xvi, 275 halaman ; $c 23 cm =650 #4$$a Ekonomi Makro =850 ##$$a NBPNMAT =020 ##$$a 978-979-796-209-8 =084 ##$$a 339 DWI e =250 ##$$a Cet.6 =990 ##$$a 0585/PN/2014 =990 ##$$a 0001/BPAP-NTB/20142014 =990 ##$$a 5202003738